000 00626 a2200181 4500
999 _c6023
_d6023
020 _a9780077295493
050 _aTA 350 BEE 2009
100 _aBeer, Ferdinand P.
_eAuthor
245 _aVetor mechanics for engeneers:
_bdynamics /
_cFerdinand P. Beer, E. Russell Johnston, Jr. and Phillip J. Cornwell
250 _a9th ed.
264 _aBoston:
_bMcGraw-Hill Education,
_c2009
300 _axxi, 600-1355p. :
_bill. (col.)
500 _aIncludes index
650 _aMechanics, Applied
_xVectors
700 _aJohnston Jr, Russell E.
_eAuthor
700 _aCornwell, Phillip J.
_eAuthor
942 _2lcc
_cBK
_e9th ed.
_h350
_iBEE
_kTA